| 000 | 00880cam a2200289 i 4500 | ||
|---|---|---|---|
| 001 | 15131 | ||
| 003 | BD-RjUL | ||
| 005 | 20211208235744.0 | ||
| 008 | 140209s1977 ilu 001 0 eng | ||
| 020 | _a025601907X | ||
| 035 | _a(BD-RjUL)15185 | ||
| 040 |
_aDLC _cDLC _dDLC _dBD-RjUL _beng |
||
| 041 | _aeng | ||
| 082 | 0 | 0 |
_a657 _bWEF 1977 |
| 100 | 1 |
_aWelsch, Glenn A. _945847 |
|
| 245 | 1 | 0 |
_aFundamentals of financial accounting / _cGlenn A. Welsch and Robert N. Anthony. |
| 250 | _aRev. ed. | ||
| 260 |
_aHomewood, Ill. : _bR. D. Irwin, _cc1977. |
||
| 300 |
_axvii, 741 p. ; _c25 cm. |
||
| 490 | 0 | _aThe Willard J. Graham series in accounting | |
| 504 | _aIncludes index. | ||
| 650 | 0 |
_aAccounting. _947095 |
|
| 700 | 1 |
_aAnthony, Robert N. _q(Robert Newton), _d1916-2006, _ejoint author. _945844 |
|
| 942 |
_2ddc _cBK |
||
| 999 |
_c15131 _d15131 |
||